000 00693nam a22002417a 4500
005 20200104041800.0
008 170926s2016 ck ||||| |||| 00| 0 spa d
020 _a9789583051807
040 _aCO-BoIAVH
_cCO-BoIAVH
041 _aspa
044 _ack
090 _aI-PAN
_b09
100 _aTiberti, Marguerite
245 1 0 _aMi pariente mas cercano
260 _aBogotá:
_bPanamericana editorial,
_c2016.
300 _a44 páginas
_bilustraciones a color
_c26 x 22cm
650 1 4 _aCuentos infantiles
_vFranceses
650 1 4 _aAnimales
650 1 4 _aBiología
650 1 4 _aEvolución
700 _aVilcollet, Pascal
942 _2z
_cLIBRO
_01
999 _c19868
_d19868